000 00611nmm a2200169Ia 4500
008 251105s9999||||xx |||||||||||||||||und||
020 _a9788478279777
041 _aspa
100 _aImbernón, Francisco (coord.)
245 0 _aProcesos y contextos educativos: enseñar en las instituciones de educación secundaria
264 _a[Madrid, España] :
_bMinisterio de Educación, Cultura y Deporte de España,
_c2010
300 _a235 páginas
490 _aFormación del profesorado. Educación secundaria
650 _aEducation
856 _uhttps://public.digitaliapublishing.com/a/30245
942 _cCF
999 _c85499
_d85499